Méthode d' eskuara radiophonique (Record no. 109914)
[ view plain ]
| 000 -LEADER | |
|---|---|
| campo de control de longitud fija | 00532nam a2200181 4500 |
| 001 - NÚMERO DE CONTROL | |
| campo de control | 109914 |
| 003 - IDENTIFICADOR DE NÚMERO DE CONTROL | |
| campo de control | ES-MaACL |
| 005 - FECHA Y HORA DE LA ÚLTIMA TRANSACCIÓN | |
| campo de control | 20230906184935.0 |
| 007 - CAMPO FIJO DE DESCRIPCIÓN FÍSICA--INFORMACIÓN GENERAL | |
| campo de control de longitud fija | t| |
| 008 - DATOS DE LONGITUD FIJA--INFORMACIÓN GENERAL | |
| campo de control de longitud fija | 061121s1971 sp r ||||1| fre d |
| 080 ## - NÚMERO DE LA CLASIFICACIÓN DECIMAL UNIVERSAL | |
| Número de la Clasificación Decimal Universal | 811.361(075.4) |
| 100 1# - ENTRADA PRINCIPAL--NOMBRE DE PERSONA | |
| Nombre de persona | Oñatibia, Juan. |
| 9 (RLIN) | 87115 |
| 245 10 - MENCIÓN DEL TÍTULO | |
| Título | Méthode d' eskuara radiophonique |
| Resto del título | : Deuxiéme / |
| Mención de responsabilidad, etc. | Jon Oñatibia. |
| 260 ## - PUBLICACIÓN, DISTRIBUCIÓN, ETC. | |
| Lugar de publicación, distribución, etc. | [San Sebastián : |
| Nombre del editor, distribuidor, etc. | Edili, |
| Fecha de publicación, distribución, etc. | 1971] |
| 300 ## - DESCRIPCIÓN FÍSICA | |
| Extensión | 259 p. : |
| Otras características físicas | il ; |
| Dimensiones | 22 cm. |
| 650 04 - PUNTO DE ACCESO ADICIONAL DE MATERIA--TÉRMINO DE MATERIA | |
| Término de materia o nombre geográfico como elemento de entrada | Lengua vasca- |
| Subdivisión de forma | Métodos. |
| 9 (RLIN) | 14339 |
| 852 ## - LOCALIZACIÓN | |
| Ubicación | ES-MaACL |
| Número de control de estantería | C-48282 |
| Sublocalización o colección | R.79190 |
| Estatus retirado | Estado de pérdida | Estado de daño | No para préstamo | Biblioteca de origen | Biblioteca actual | Ubicación en estantería | Fecha de adquisición | Fuente de adquisición | Total de préstamos | Signatura topográfica completa | Código de barras | Visto por última vez | Precio de reemplazo | Tipo de ítem Koha |
|---|---|---|---|---|---|---|---|---|---|---|---|---|---|---|
| Biblioteca del Ateneo de Madrid | Biblioteca del Ateneo de Madrid | Depósito 2 | 17/01/2008 | C-48282 | 1114680 | 23/02/2023 | 23/02/2023 | Libro impreso |
